Statistics for Ever After #2

Click here to take the quiz!

General Stats

  • This quiz has been taken 27 times
  • The average score is 13 of 23

Answer Stats

HintAnswer% Correct
What does Danielle's father die of?Heart attack
91%
Which fairy tale authors visited Her Majesty at the beginning?Brothers Grimm
86%
Does Danielle choose her mother's shoes or her father's book?book
86%
What do the Spanish monks keep sending bricks of (it's positively sinful)?chocolate
82%
What does Jacqueline put in her cleavage to draw attention after Henry notices Marguerite's brooch?feather
77%
What does Jacqueline dress up as for the ball?horse
77%
What sport does Henry play with the Marquis de Limoges?tennis
73%
What book does Danielle's father bring her?Utopia
73%
Danielle would rather die a thousand deaths than see her mother's dress on that spoiled, selfish, _______.cow
73%
Who speaks for Rodmilla and Jacqueline?Danielle
68%
“A ______ may love a __________, sir, but where would they live?”bird fish
68%
Who fetches Senor Da Vinci to help Danielle?Gustav
64%
Da Vinci tells Henry that he doesn't ___________ Danielle.deserve
59%
How did the king demand the Baroness and her daughters arrive at the palace towards the end of the movie?In Style
45%
What talent did Danielle's father teach her?swordfighting
45%
What game did Henry and Danielle play while with the gypsies?rock paper scissors
45%
What was “a matter of life and death?”Mona Lisa
45%
Where are the Baroness and her daughters when Henry visits Danielle?church
41%
What does Henry do when he realizes how the Spanish princess feels?laughs
41%
What kind of eggs did Marguerite ask for?4 minute eggs
41%
What did Danielle tell her Stepmother she was doing when she was really at the castle?picking wildflowers
27%
First I'm arrogant and now I ______ __ ______, however do I manage that?have no pride
18%
Who says they are supposed to live Happily Ever After?I don't know
5%

Score Distribution

Percentile by Number Answered

Percent of People with Each Score

Your Score History

You have not taken this quiz